Máy gia công cơ học : Nông sản - thực phẩm /

Nội dung cuốn sách nhằm hệ thống hóa kiến thức và tiếp cận một số phương pháp mới trong việc nghiên cứu quá trình xảy ra khi gia công vật liệu. Ngoài ra sách còn đề cập một số tiến bộ khoa học mới, một số thành tựu nghiên cứu mới ở trong và ngoài nước....

Volledige beschrijving

Bewaard in:
Bibliografische gegevens
Hoofdauteur: Nguyễn Như Nam.
Andere auteurs: Trần Thị Thanh.
Formaat: Boek
Taal:Vietnamese
Gepubliceerd in: Tp.HCM : Giáo dục, 2000.
Onderwerpen:
Tags: Voeg label toe
Geen labels, Wees de eerste die dit record labelt!
Thư viện lưu trữ: Mạng thư viện Đại học Đà Nẵng
LEADER 01283cam a2200373 i 4500
001 000044623
003 3025
005 20031231182904.0
008 010314b2000 vm 000 vie
020 |c 28000 
022 |a T 
040 |a IRC  |c IRC  |d IRC 
041 0 |a vie 
082 1 4 |a 641.028  |b NG-N 
100 1 |a Nguyễn Như Nam. 
245 0 0 |a Máy gia công cơ học :  |b Nông sản - thực phẩm /  |c Nguyễn Như Nam, Trần Thị Thanh. 
260 |a Tp.HCM :  |b Giáo dục,  |c 2000. 
300 |a 286tr. ;  |c 27cm. 
520 3 |a Nội dung cuốn sách nhằm hệ thống hóa kiến thức và tiếp cận một số phương pháp mới trong việc nghiên cứu quá trình xảy ra khi gia công vật liệu. Ngoài ra sách còn đề cập một số tiến bộ khoa học mới, một số thành tựu nghiên cứu mới ở trong và ngoài nước. 
630 0 4 |a Máy gia công. 
630 0 4 |a Nông sản. 
630 0 4 |a Thực phẩm. 
650 0 4 |a Máy gia công cơ học. 
700 1 |a Trần Thị Thanh. 
OWN |a DUT 
999 |a From the UDN01 
TYP |a Monograph 
TYP |a Printed language 
980 |a Mạng thư viện Đại học Đà Nẵng